[Event "Titled Tuesday intern op 06th Feb Late"]
[Site "Chess.com INT"]
[Date "2024.02.06"]
[Round "4"]
[White "Lucas, Arthur"]
[Black "Narva, Triin"]
[Result "0-1"]
[WhiteElo "2338"]
[BlackElo "2095"]
[PlyCount "132"]
[EventDate "2024.02.06"]
[EventType "swiss (blitz)"]
[EventRounds "11"]
[EventCountry "USA"]
[SourceTitle "CB07_2024"]
[SourceDate "2024.02.14"]
[SourceVersion "1"]
[SourceVersionDate "2024.02.14"]
[SourceQuality "1"]

1. e4 d5 2. exd5 Qxd5 3. Nf3 Bg4 4. Be2 Nf6 5. d4 e6 6. c4 Qd6 7. Nc3 Nc6 8. Be3 0-0-0 9. 0-0 Bxf3 10. Bxf3 Nxd4 11. Bxd4 Qxd4 12. Qa4 Qb6 13. b4 Rd4 14. c5 Bxc5 15. bxc5 Qxc5 16. Qb3 Rb4 17. Qa3 Rc4 18. Qxc5 Rxc5 19. Rac1 c6 20. Rfd1 Rd8 21. Rxd8+ Kxd8 22. Kf1 Nd5 23. Ne2 Ra5 24. Bxd5 exd5 25. Rc2 Kd7 26. Nc1 Kd6 27. Ke2 c5 28. Nb3 Rb5 29. Nd2 a5 30. f4 a4 31. Nf3 Rb4 32. g3 Re4+ 33. Kd3 b5 34. Ne5 f6 35. Nf3 c4+ 36. Kd2 Kc5 37. Rc1 d4 38. Rb1 c3+ 39. Kd1 Re3 40. Ne1 b4 41. Nc2 Rd3+ 42. Kc1 b3 43. axb3 axb3 44. Rxb3 Rd2 45. Ra3 Rxh2 46. Ra4 Rh1+ 47. Ne1 Rxe1+ 48. Kc2 Re2+ 49. Kd3 Rd2+ 50. Ke4 c2 51. Ra8 Kb4 52. Rc8 Kb3 53. Rb8+ Kc3 54. Rc8+ Kb2 55. Rb8+ Kc1 56. Rc8 Kd1 57. f5 c1Q 58. Rxc1+ Kxc1 59. g4 Re2+ 60. Kd5 d3 61. Kd6 d2 62. g5 d1Q+ 63. Kc5 Rc2+ 64. Kb4 Kd2 65. Ka3 Qb1 66. Ka4 Ra2# 0-1

[Event "Titled Tuesday intern op 06th Feb Early"]
[Site "Chess.com INT"]
[Date "2024.02.06"]
[Round "5"]
[White "Skiadopoulos, Nikolaos"]
[Black "Lucas, Arthur"]
[Result "0-1"]
[WhiteElo "1854"]
[BlackElo "2338"]
[PlyCount "62"]
[EventDate "2024.02.06"]
[EventType "swiss (blitz)"]
[EventRounds "11"]
[EventCountry "USA"]
[SourceTitle "CB07_2024"]
[SourceDate "2024.02.14"]
[SourceVersion "1"]
[SourceVersionDate "2024.02.14"]
[SourceQuality "1"]

1. e4 g6 2. d4 Bg7 3. Nc3 a6 4. a4 d6 5. Be2 Nf6 6. Be3 0-0 7. h3 Nc6 8. Qd2 e5 9. d5 Nd4 10. Bd1 c6 11. dxc6 bxc6 12. Nge2 c5 13. Ng3 h5 14. Bg5 Bb7 15. f3 Qb6 16. Rb1 Nh7 17. Be3 h4 18. Nf1 f5 19. exf5 gxf5 20. Bh6 Rae8 21. Bxg7 Kxg7 22. Ne3 e4 23. 0-0 exf3 24. Bxf3 Bxf3 25. gxf3 Kh8 26. Ncd5 Qb7 27. c3 f4 28. cxd4 fxe3 29. Nxe3 Rxf3 30. Rxf3 Qxf3 31. Ng2 Re2 0-1

[Event "Sant Boi de Llobregat op 4th"]
[Site "Sant Boi de Llobregat"]
[Date "2023.12.08"]
[Round "9"]
[White "Movsziszian, Karen"]
[Black "Lucas, Arthur"]
[Result "1-0"]
[WhiteElo "2435"]
[BlackElo "2311"]
[PlyCount "77"]
[EventDate "2023.11.30"]
[EventType "swiss"]
[EventRounds "9"]
[EventCountry "ESP"]
[SourceTitle "CB50_2023"]
[SourceDate "2023.12.13"]
[SourceVersion "1"]
[SourceVersionDate "2023.12.13"]
[SourceQuality "1"]

1. g3 d5 2. Nf3 Nc6 3. d3 e5 4. a3 Be6 5. b4 f6 6. Nbd2 Qd7 7. Bb2 h5 8. h3 Nh6 9. Bg2 Be7 10. c4 d4 11. Qc2 a5 12. b5 Nd8 13. Ne4 Rc8 14. Bc1 b6 15. e3 dxe3 16. Bxe3 Nf5 17. Bd2 c6 18. bxc6 Nxc6 19. Bc3 Rd8 20. Qa4 Ncd4 21. Qxd7+ Rxd7 22. Nxd4 Nxd4 23. Rb1 f5 24. Rxb6 Kf7 25. Nd2 Bxa3 26. Bxd4 Rxd4 27. Nf3 Rd6 28. Nxe5+ Kf6 29. Rb5 Bb4+ 30. Ke2 h4 31. f4 hxg3 32. h4 Rhd8 33. Rh3 Rd4 34. Rxg3 Rxf4 35. Rg6+ Ke7 36. Rb7+ Bd7 37. Nxd7 Rxh4 38. Ne5+ Kf8 39. Rf7+ 1-0

[Event "Sant Boi de Llobregat op 4th"]
[Site "Sant Boi de Llobregat"]
[Date "2023.12.07"]
[Round "8"]
[White "Lucas, Arthur"]
[Black "Golubka, Petr"]
[Result "1-0"]
[WhiteElo "2311"]
[BlackElo "2440"]
[PlyCount "71"]
[EventDate "2023.11.30"]
[EventType "swiss"]
[EventRounds "9"]
[EventCountry "ESP"]
[SourceTitle "CB50_2023"]
[SourceDate "2023.12.13"]
[SourceVersion "1"]
[SourceVersionDate "2023.12.13"]
[SourceQuality "1"]

1. e4 c5 2. d4 cxd4 3. Qxd4 Nc6 4. Qd3 e6 5. Nc3 Nf6 6. Bf4 e5 7. Bg5 Bb4 8. Nge2 h6 9. Bxf6 Qxf6 10. f3 0-0 11. 0-0-0 d6 12. Nd5 Qg5+ 13. Kb1 Bc5 14. h4 Qd8 15. g4 Be6 16. Ng3 Nb4 17. Qd2 Nxd5 18. exd5 Bd7 19. Bd3 Qb6 20. g5 Be3 21. Qg2 Kh8 22. Nh5 Rac8 23. Rh2 a5 24. f4 Bd4 25. c4 exf4 26. gxh6 g6 27. Nxf4 Bf5 28. Bxf5 gxf5 29. Qc2 a4 30. Qxf5 a3 31. b3 Rce8 32. Rg2 Be5 33. Rg7 Bxg7 34. hxg7+ Kxg7 35. Nh5+ Kh8 36. Qf6+ 1-0

[Event "Titled Tuesday intern op 19th Sep Late"]
[Site "Chess.com INT"]
[Date "2023.09.19"]
[Round "2"]
[White "Harish, Neeraj"]
[Black "Lucas, Arthur"]
[Result "1-0"]
[WhiteElo "2042"]
[BlackElo "2340"]
[PlyCount "63"]
[EventDate "2023.09.19"]
[EventType "swiss (blitz)"]
[EventRounds "11"]
[EventCountry "USA"]
[SourceTitle "EXT 2024"]
[Source "ChessBase"]
[SourceDate "2023.10.10"]
[SourceVersion "1"]
[SourceVersionDate "2023.10.10"]
[SourceQuality "1"]

1. e4 g6 2. d4 Bg7 3. Nc3 d6 4. Be3 a6 5. Qd2 b5 6. f3 Nd7 7. Nge2 Bb7 8. 0-0-0 Rc8 9. h4 h6 10. h5 g5 11. Ng3 e6 12. Bd3 c5 13. d5 Qa5 14. dxe6 fxe6 15. Bxb5 axb5 16. Qxd6 Bxc3 17. Qxe6+ Ne7 18. Rxd7 Bxb2+ 19. Kxb2 Qb4+ 20. Kc1 Qa3+ 21. Kd1 Rh7 22. Rxb7 Qxe3 23. Rxe7+ Rxe7 24. Qxe7+ Kxe7 25. Nf5+ Kf6 26. Nxe3 Ke5 27. Ke2 Ra8 28. Rd1 Rxa2 29. Rd5+ Kf4 30. Rxc5 b4 31. Kf2 b3 32. Rf5# 1-0

[Event "FRA-ch Accession 96th"]
[Site "L'Alpe d'Huez"]
[Date "2023.08.26"]
[Round "8"]
[White "Lucas, Arthur"]
[Black "Duboue, Peio"]
[Result "0-1"]
[WhiteElo "2312"]
[BlackElo "2453"]
[PlyCount "100"]
[EventDate "2023.08.19"]
[EventType "swiss"]
[EventRounds "9"]
[EventCountry "FRA"]
[SourceTitle "CBM 215 Extra"]
[Source "ChessBase"]
[SourceDate "2023.09.30"]
[SourceVersion "1"]
[SourceVersionDate "2023.09.30"]
[SourceQuality "1"]

1. Nf3 d5 2. d4 Nf6 3. Bf4 c5 4. e3 Nc6 5. Nbd2 cxd4 6. exd4 Bf5 7. Bb5 Qa5 8. a4 a6 9. Bxc6+ bxc6 10. 0-0 e6 11. Ne5 Qb6 12. Nb3 h6 13. c4 dxc4 14. Nxc4 Qa7 15. Nd6+ Bxd6 16. Bxd6 Kd7 17. Bc5 Qc7 18. Nd2 Ne4 19. Nc4 Nxc5 20. dxc5+ Ke7 21. Qd4 f6 22. Nd6 Rhd8 23. Rfe1 Kf8 24. Qc4 a5 25. g4 Bh7 26. Qxe6 Rab8 27. Re2 Bg8 28. Qe3 Qd7 29. f3 Rb3 30. Qf4 Bd5 31. Ra3 Rxa3 32. bxa3 Kg8 33. Kf2 Qa7 34. Qe3 Rb8 35. Ne4 Bxe4 36. fxe4 Re8 37. Qd4 Re5 38. Rc2 Qe7 39. Kf3 Kh7 40. Qd6 Qf7 41. Qd3 Qe7 42. Qd6 Qb7 43. Qd3 Qb1 44. Kg2 Qe1 45. Rc4 h5 46. h3 Qh4 47. Qg3 Qg5 48. Qf3 Qd2+ 49. Kf1 Rg5 50. gxh5 Qh2 0-1

[Event "Creon op 27th"]
[Site "Creon"]
[Date "2023.08.06"]
[Round "9"]
[White "Girel, Joseph"]
[Black "Lucas, Arthur"]
[Result "1-0"]
[WhiteElo "2439"]
[BlackElo "2326"]
[PlyCount "103"]
[EventDate "2023.07.31"]
[EventType "swiss"]
[EventRounds "9"]
[EventCountry "FRA"]
[SourceTitle "CBM 215 Extra"]
[Source "ChessBase"]
[SourceDate "2023.09.30"]
[SourceVersion "1"]
[SourceVersionDate "2023.09.30"]
[SourceQuality "1"]

1. d4 d5 2. c4 dxc4 3. Nf3 Nf6 4. e3 e6 5. Bxc4 c5 6. 0-0 a6 7. e4 b5 8. Be2 Bb7 9. a4 c4 10. e5 Nd5 11. b3 Be7 12. bxc4 bxc4 13. Bxc4 0-0 14. Ba3 Nb4 15. Nbd2 Nd7 16. Bxb4 Bxb4 17. Qb1 a5 18. Bd3 h6 19. Bh7+ Kh8 20. Be4 Rb8 21. Bxb7 Rxb7 22. Ne4 Nb6 23. Rc1 Qd5 24. Qd3 Rd8 25. h4 Qd7 26. h5 Nxa4 27. Qc2 Nb6 28. Nc5 Bxc5 29. dxc5 Rc7 30. c6 Qe7 31. Rxa5 Nd5 32. Qc4 Rdc8 33. Rc5 Rb8 34. Rb5 Rbc8 35. Qa4 Ra7 36. Ra5 Rac7 37. Ra8 Rxa8 38. Qxa8+ Kh7 39. Qa4 Qd8 40. g3 Ne7 41. Qe4+ Kg8 42. Nd4 Qa8 43. Qc2 Qa5 44. Qc5 Qd2 45. Rb1 Kh7 46. Qc4 Qg5 47. Qc2+ Kg8 48. Rb8+ Rc8 49. c7 Qxe5 50. Nc6 Qe1+ 51. Kg2 Nxc6 52. Rxc8+ 1-0

[Event "Creon op 27th"]
[Site "Creon"]
[Date "2023.08.05"]
[Round "8"]
[White "Lucas, Arthur"]
[Black "Eugene, Floryan"]
[Result "1/2-1/2"]
[WhiteElo "2326"]
[BlackElo "2384"]
[PlyCount "44"]
[EventDate "2023.07.31"]
[EventType "swiss"]
[EventRounds "9"]
[EventCountry "FRA"]
[SourceTitle "CBM 215 Extra"]
[Source "ChessBase"]
[SourceDate "2023.09.30"]
[SourceVersion "1"]
[SourceVersionDate "2023.09.30"]
[SourceQuality "1"]

1. e4 e5 2. Nf3 Nc6 3. Nc3 Nf6 4. Bb5 Nd4 5. Bc4 Bc5 6. Nxe5 Qe7 7. Nf3 d5 8. Bxd5 Bg4 9. d3 0-0-0 10. Be3 Nxd5 11. Nxd5 Rxd5 12. exd5 Re8 13. 0-0 Bxf3 14. gxf3 Bd6 15. f4 Qh4 16. Bxd4 Bxf4 17. Kg2 Qg5+ 18. Kh1 Qh4 19. Kg2 Qg5+ 20. Kh1 Qh4 21. Kg2 Qg5+ 22. Kh1 Qh4 1/2-1/2

[Event "FRA-chT Top 16 Gp Basse"]
[Site "Chartres"]
[Date "2023.06.08"]
[Round "1.2"]
[White "Hamitevici, Vladimir"]
[Black "Lucas, Arthur"]
[Result "1-0"]
[WhiteElo "2493"]
[BlackElo "2326"]
[PlyCount "63"]
[EventDate "2023.06.08"]
[EventType "team-tourn"]
[EventRounds "4"]
[EventCountry "FRA"]
[SourceTitle "CBM 214 Extra"]
[Source "ChessBase"]
[SourceDate "2023.07.31"]
[SourceVersion "1"]
[SourceVersionDate "2023.07.31"]
[SourceQuality "1"]
[WhiteTeam "Vandoeuvre"]
[BlackTeam "Poitiers Migne"]
[WhiteTeamCountry "FRA"]
[BlackTeamCountry "FRA"]

1. d4 d5 2. Bf4 c5 3. e3 cxd4 4. exd4 Nc6 5. c3 Bf5 6. Qb3 Qd7 7. Nf3 f6 8. Nbd2 g5 9. Be3 e6 10. a4 Bd6 11. a5 a6 12. h3 h5 13. Qa4 Nge7 14. b4 Kf7 15. Nb3 Ng6 16. Nc5 Bxc5 17. bxc5 g4 18. Nd2 e5 19. h4 exd4 20. cxd4 g3 21. fxg3 Rae8 22. Kf2 Rxe3 23. Kxe3 Re8+ 24. Kf2 Qe7 25. Qb3 Nb4 26. Kg1 Nc2 27. Rc1 Kg7 28. Rxc2 Bxc2 29. Qxc2 Qe3+ 30. Kh2 Qxd4 31. Nf3 Qb4 32. Bd3 1-0

[Event "FRA-chT Top 16 GpB"]
[Site "Chartres"]
[Date "2023.06.03"]
[Round "3.4"]
[White "Lucas, Arthur"]
[Black "Postny, Evgeny"]
[Result "0-1"]
[WhiteElo "2359"]
[BlackElo "2549"]
[PlyCount "58"]
[EventDate "2023.06.01"]
[EventType "team-tourn"]
[EventRounds "7"]
[EventCountry "FRA"]
[SourceTitle "CBM 214 Extra"]
[Source "ChessBase"]
[SourceDate "2023.07.31"]
[SourceVersion "1"]
[SourceVersionDate "2023.07.31"]
[SourceQuality "1"]
[WhiteTeam "Poitiers Migne"]
[BlackTeam "Metz Fischer"]
[WhiteTeamCountry "FRA"]
[BlackTeamCountry "FRA"]

1. e4 c6 2. Nf3 d5 3. d3 Qc7 4. g3 dxe4 5. dxe4 e5 6. Bg2 Nf6 7. Nbd2 Be6 8. 0-0 Bc5 9. Qe1 h6 10. Nh4 0-0 11. Kh1 Bd6 12. Nf5 Bxf5 13. exf5 Nbd7 14. Ne4 Nxe4 15. Qxe4 Nf6 16. Qh4 Be7 17. f4 Rad8 18. fxe5 Qxe5 19. Bxh6 gxh6 20. Rae1 Qd6 21. Qxh6 Rfe8 22. Qg5+ Kh8 23. Rf4 Nh7 24. Qh5 Bg5 25. Rfe4 Rxe4 26. Bxe4 Re8 27. Rd1 Qe5 28. Bf3 Qxf5 29. h4 Qh3+ 0-1

[Event "FRA-chT Top 16 GpB"]
[Site "Chartres"]
[Date "2023.06.01"]
[Round "1.3"]
[White "Nihal, Sarin"]
[Black "Lucas, Arthur"]
[Result "1-0"]
[WhiteElo "2673"]
[BlackElo "2359"]
[PlyCount "51"]
[EventDate "2023.06.01"]
[EventType "team-tourn"]
[EventRounds "7"]
[EventCountry "FRA"]
[SourceTitle "CBM 214 Extra"]
[Source "ChessBase"]
[SourceDate "2023.07.31"]
[SourceVersion "1"]
[SourceVersionDate "2023.07.31"]
[SourceQuality "1"]
[WhiteTeam "Mulhouse Philidor"]
[BlackTeam "Poitiers Migne"]
[WhiteTeamCountry "FRA"]
[BlackTeamCountry "FRA"]

1. Nf3 f5 2. d4 Nf6 3. c4 e6 4. a3 Be7 5. Nc3 0-0 6. e3 b6 7. Be2 Bb7 8. 0-0 Ne4 9. Nxe4 fxe4 10. Nd2 c5 11. dxc5 bxc5 12. Qc2 d5 13. b4 cxb4 14. cxd5 exd5 15. axb4 Nc6 16. b5 Ne5 17. Ba3 Kh8 18. Bxe7 Qxe7 19. Nb3 Bc8 20. Qc5 Qf7 21. f3 exf3 22. Bxf3 Nxf3+ 23. Rxf3 Bf5 24. Raf1 Qd7 25. g4 Rfc8 26. Rxf5 1-0

[Event "Titled Tuesday intern op 16th May Late"]
[Site "Chess.com INT"]
[Date "2023.05.16"]
[Round "3"]
[White "Csonka, Balazs"]
[Black "Lucas, Arthur"]
[Result "1-0"]
[WhiteElo "2496"]
[BlackElo "2359"]
[PlyCount "207"]
[EventDate "2023.05.16"]
[EventType "swiss (blitz)"]
[EventRounds "11"]
[EventCountry "USA"]
[SourceTitle "CBM 214 Extra"]
[Source "ChessBase"]
[SourceDate "2023.07.31"]
[SourceVersion "1"]
[SourceVersionDate "2023.07.31"]
[SourceQuality "1"]

1. c4 Nf6 2. g3 g6 3. Bg2 Bg7 4. Nc3 0-0 5. Nf3 d6 6. 0-0 Nc6 7. d4 e5 8. dxe5 Nxe5 9. b3 Nxf3+ 10. Bxf3 Bh3 11. Re1 c6 12. Bb2 Qa5 13. e4 Rad8 14. Qc2 Bg4 15. Bg2 Qh5 16. Ne2 Bxe2 17. Qxe2 Qxe2 18. Rxe2 Nd7 19. Bxg7 Kxg7 20. Rd1 Nf6 21. Red2 Rfe8 22. f3 Re6 23. Bh3 Re5 24. Rxd6 Rxd6 25. Rxd6 Ra5 26. Rd2 Kf8 27. Kf2 Ke7 28. Ke3 h5 29. Bc8 b5 30. e5 Ne8 31. cxb5 cxb5 32. f4 b4 33. Bh3 Ng7 34. Kd3 Rc5 35. Rc2 Rxc2 36. Kxc2 h4 37. Bg4 hxg3 38. hxg3 f6 39. exf6+ Kxf6 40. Kd3 Ne8 41. Kc4 a5 42. Kb5 Nc7+ 43. Kxa5 Nd5 44. Bf3 Nc3 45. Kxb4 Nxa2+ 46. Kc4 Ke7 47. b4 Kd6 48. b5 Kc7 49. Be2 Nc1 50. Bf1 Na2 51. Kb3 Nc1+ 52. Kc4 Ne2 53. Bxe2 Kb6 54. Kd5 g5 55. Ke5 Kb7 56. fxg5 Kc7 57. g6 Kd8 58. Kf6 Ke8 59. g7 Kd7 60. g8Q Kd6 61. g4 Kc5 62. g5 Kb6 63. Qe6+ Ka5 64. Qc6 Ka4 65. b6+ Ka5 66. b7 Kb4 67. g6 Ka5 68. g7 Kb4 69. Bf3 Ka5 70. Be4 Kb4 71. Bd5 Ka5 72. Be6 Kb4 73. Bd7 Ka5 74. Ke7 Kb4 75. Kd6 Ka5 76. Ke5 Kb4 77. Kf4 Ka3 78. Kg3 Kb4 79. Kh2 Ka3 80. Kg1 Kb4 81. Kf2 Ka3 82. Ke1 Kb4 83. Kd2 Ka3 84. Kc3 Ka2 85. Qb6 Ka3 86. Bb5 Ka2 87. Qc5 Ka1 88. Qf2 Kb1 89. g8Q Ka1 90. b8Q Kb1 91. Qba7 Kc1 92. Ba4 Kb1 93. Bc2+ Kc1 94. Bd3 Kd1 95. Bc4 Kc1 96. Qgg7 Kd1 97. Qgg2 Kc1 98. Qh7 Kd1 99. Qhh2 Kc1 100. Qe2 Kb1 101. Qd2 Ka1 102. Qge2 Kb1 103. Qhf2 Ka1 104. Qfe1# 1-0

[Event "Titled Tuesday intern op 16th May Late"]
[Site "Chess.com INT"]
[Date "2023.05.16"]
[Round "5"]
[White "Laddha, Shubh Jayesh"]
[Black "Lucas, Arthur"]
[Result "1-0"]
[WhiteElo "2397"]
[BlackElo "2359"]
[PlyCount "75"]
[EventDate "2023.05.16"]
[EventType "swiss (blitz)"]
[EventRounds "11"]
[EventCountry "USA"]
[SourceTitle "CBM 214 Extra"]
[Source "ChessBase"]
[SourceDate "2023.07.31"]
[SourceVersion "1"]
[SourceVersionDate "2023.07.31"]
[SourceQuality "1"]

1. e4 e5 2. Nf3 Nf6 3. d4 Nxe4 4. Bd3 d5 5. Nxe5 Bd6 6. 0-0 0-0 7. c4 c6 8. Nc3 Nxc3 9. bxc3 dxc4 10. Bxc4 Nd7 11. f4 Nxe5 12. fxe5 Be7 13. Qh5 Be6 14. Bd3 g6 15. Qf3 f5 16. Bh6 Rf7 17. Rab1 b6 18. a4 Rc8 19. Kh1 Bg5 20. Bxg5 Qxg5 21. c4 Rd7 22. Qf2 Rcd8 23. d5 cxd5 24. c5 bxc5 25. Qxc5 Qe7 26. Qa5 Rc7 27. Qa6 Kg7 28. Rbc1 Rdc8 29. Rcd1 Rc5 30. Be2 R8c6 31. Qd3 Rc3 32. Qb5 Qc5 33. Qb7+ Rc7 34. Qb8 Qe3 35. Bf3 Rc1 36. Qd8 Rd7 37. Qf6+ Kh6 38. Rxc1 1-0

[Event "Titled Tuesday intern op 16th May Late"]
[Site "Chess.com INT"]
[Date "2023.05.16"]
[Round "11"]
[White "Lucas, Arthur"]
[Black "Arabidze, Meri"]
[Result "0-1"]
[WhiteElo "2359"]
[BlackElo "2441"]
[PlyCount "76"]
[EventDate "2023.05.16"]
[EventType "swiss (blitz)"]
[EventRounds "11"]
[EventCountry "USA"]
[SourceTitle "CBM 214 Extra"]
[Source "ChessBase"]
[SourceDate "2023.07.31"]
[SourceVersion "1"]
[SourceVersionDate "2023.07.31"]
[SourceQuality "1"]

1. e4 c5 2. Nc3 Nc6 3. Bb5 e6 4. Bxc6 dxc6 5. f4 Nf6 6. Nf3 Be7 7. d3 0-0 8. 0-0 b5 9. Qe1 a5 10. a4 Ba6 11. Ne5 Qc7 12. b3 Nd7 13. axb5 cxb5 14. Nxd7 Qxd7 15. Rxa5 c4 16. bxc4 Bb4 17. Rxa6 Rxa6 18. cxb5 Ra1 19. f5 Qd4+ 20. Be3 Bxc3 21. Bxd4 Bxd4+ 22. Kh1 Rxe1 23. Rxe1 Rc8 24. c4 e5 25. g3 Kf8 26. Rb1 Ke7 27. Rb3 Ra8 28. Kg2 Kd6 29. Kf3 Kc7 30. h4 h5 31. g4 hxg4+ 32. Kxg4 Kb6 33. Rb1 Ra3 34. Rd1 Ra2 35. Kh5 Rg2 36. Rf1 Be3 37. Rf3 g6+ 38. fxg6 fxg6# 0-1

[Event "Titled Tuesday intern op 16th May Late"]
[Site "Chess.com INT"]
[Date "2023.05.16"]
[Round "8"]
[White "Lucas, Arthur"]
[Black "Bjelobrk, Igor"]
[Result "1-0"]
[WhiteElo "2359"]
[BlackElo "2403"]
[PlyCount "71"]
[EventDate "2023.05.16"]
[EventType "swiss (blitz)"]
[EventRounds "11"]
[EventCountry "USA"]
[SourceTitle "CBM 214 Extra"]
[Source "ChessBase"]
[SourceDate "2023.07.31"]
[SourceVersion "1"]
[SourceVersionDate "2023.07.31"]
[SourceQuality "1"]

1. e4 e6 2. d4 d5 3. Nc3 Bb4 4. e5 b6 5. Bd2 Ne7 6. Nce2 Bxd2+ 7. Qxd2 Ba6 8. c3 c5 9. Nf3 Nbc6 10. h4 h5 11. Nf4 Bxf1 12. Kxf1 Nf5 13. Rh3 cxd4 14. Nxd4 Ncxd4 15. cxd4 Rc8 16. Rc3 Rxc3 17. Qxc3 g6 18. g3 0-0 19. Rc1 Qd7 20. Ne2 Qb5 21. b3 Ne7 22. a4 Qa6 23. Qb4 Rc8 24. Rxc8+ Nxc8 25. Qb5 Qb7 26. Qe8+ Kg7 27. g4 hxg4 28. h5 Ne7 29. h6+ Kxh6 30. Qh8+ Kg5 31. Qf6+ Kh6 32. Qxf7 Qd7 33. Nf4 Qd8 34. Nxe6 Qd7 35. Qg7+ Kh5 36. Qh7# 1-0

[Event "Titled Tuesday intern op 16th May Late"]
[Site "Chess.com INT"]
[Date "2023.05.16"]
[Round "2"]
[White "Lucas, Arthur"]
[Black "Pappelis, Dimitrios"]
[Result "1-0"]
[WhiteElo "2359"]
[BlackElo "2159"]
[PlyCount "97"]
[EventDate "2023.05.16"]
[EventType "swiss (blitz)"]
[EventRounds "11"]
[EventCountry "USA"]
[SourceTitle "CBM 214 Extra"]
[Source "ChessBase"]
[SourceDate "2023.07.31"]
[SourceVersion "1"]
[SourceVersionDate "2023.07.31"]
[SourceQuality "1"]

1. e4 e5 2. Nf3 Nc6 3. d4 exd4 4. Nxd4 Nxd4 5. Qxd4 Qf6 6. Qc4 Qc6 7. Nc3 Qxc4 8. Bxc4 c6 9. Bf4 Bb4 10. 0-0-0 Nf6 11. Bd6 Bxd6 12. Rxd6 b5 13. Bb3 Ke7 14. e5 Ng4 15. f4 a5 16. a4 Ba6 17. h3 Nh6 18. Rhd1 Rhd8 19. axb5 Bxb5 20. g4 a4 21. Ba2 a3 22. Nxb5 axb2+ 23. Kxb2 cxb5 24. f5 f6 25. exf6+ gxf6 26. g5 Nf7 27. Bxf7 Kxf7 28. Rxd7+ Rxd7 29. Rxd7+ Kg8 30. h4 Ra4 31. Rd8+ Kg7 32. Rd7+ Kg8 33. Rd6 Rxh4 34. Rxf6 Rg4 35. g6 hxg6 36. Rxg6+ Rxg6 37. fxg6 Kg7 38. Kb3 Kxg6 39. Kb4 Kf7 40. Kxb5 Ke8 41. Kc6 Kd8 42. Kb7 Kd7 43. c4 Kd6 44. Kb6 Kd7 45. c5 Kc8 46. Kc6 Kb8 47. Kd7 Ka8 48. c6 Ka7 49. c7 1-0

[Event "Titled Tuesday intern op 02nd May Early"]
[Site "Chess.com INT"]
[Date "2023.05.02"]
[Round "3"]
[White "Lucas, Arthur"]
[Black "Bolourchifard, Farzad"]
[Result "0-1"]
[WhiteElo "2359"]
[BlackElo "2292"]
[PlyCount "78"]
[EventDate "2023.05.02"]
[EventType "swiss (blitz)"]
[EventRounds "11"]
[EventCountry "USA"]
[SourceTitle "EXT 2024"]
[Source "ChessBase"]
[SourceDate "2023.10.10"]
[SourceVersion "1"]
[SourceVersionDate "2023.10.10"]
[SourceQuality "1"]

1. e4 e5 2. Nf3 Nc6 3. Bb5 a6 4. Ba4 Nf6 5. d3 b5 6. Bb3 Bc5 7. a4 Rb8 8. Nc3 h6 9. axb5 axb5 10. Be3 Bxe3 11. fxe3 d6 12. 0-0 Be6 13. Bxe6 fxe6 14. Qe1 0-0 15. Qg3 Qe8 16. Qh3 b4 17. Ne2 Qf7 18. Ng3 Ra8 19. d4 exd4 20. exd4 b3 21. c3 Ra2 22. Rxa2 bxa2 23. Ra1 Ra8 24. Qh4 Qg6 25. Qf4 Nh5 26. Nxh5 Qxh5 27. b4 e5 28. Qd2 exd4 29. Rxa2 Rxa2 30. Qxa2+ Kh7 31. cxd4 Nxd4 32. Qf2 Ne6 33. h3 Nf4 34. Nd4 Qg5 35. Kh2 Ng6 36. Nf5 Qf6 37. Qg3 Qb2 38. h4 Qe5 39. h5 Nf4 0-1

[Event "Titled Tuesday intern op 02nd May Early"]
[Site "Chess.com INT"]
[Date "2023.05.02"]
[Round "2"]
[White "Lucas, Arthur"]
[Black "Clawitter, Craig"]
[Result "1-0"]
[WhiteElo "2359"]
[BlackElo "2050"]
[PlyCount "85"]
[EventDate "2023.05.02"]
[EventType "swiss (blitz)"]
[EventRounds "11"]
[EventCountry "USA"]
[SourceTitle "EXT 2024"]
[Source "ChessBase"]
[SourceDate "2023.10.10"]
[SourceVersion "1"]
[SourceVersionDate "2023.10.10"]
[SourceQuality "1"]

1. e4 e6 2. d4 d5 3. Nc3 Bb4 4. e5 c5 5. Bd2 Nh6 6. Nb5 Bxd2+ 7. Qxd2 0-0 8. f4 cxd4 9. Nf3 Nc6 10. Bd3 a6 11. Nd6 f6 12. 0-0 Ng4 13. Rae1 g6 14. Nxc8 Rxc8 15. exf6 Qxf6 16. Ng5 Ne3 17. Rf3 e5 18. Rh3 Qxf4 19. Ne6 Qf7 20. Nxf8 Rxf8 21. Rf3 Qe7 22. Rxf8+ Qxf8 23. Be2 Qb4 24. c3 Qa5 25. b4 Qb6 26. cxd4 exd4 27. Bf3 Qxb4 28. Qxb4 Nxb4 29. Rb1 Nxa2 30. Rxb7 Nc3 31. Kf2 Nf5 32. Ra7 d3 33. Rxa6 d2 34. Ra1 Nd4 35. Bd1 Nxd1+ 36. Rxd1 Nb3 37. Ke2 d4 38. Rb1 d3+ 39. Kxd3 Nc1+ 40. Kxd2 Na2 41. Kd3 Kf7 42. Rb2 Nc1+ 43. Kd2 1-0